00510cam a2200169ua 45000010005000000080039000050400009000440820015000531000036000682450078001042500009001822600077001913000010002686530013002786530020002916530029003115355120823n cc |||gr||||Z||||||hin cMAIN a294.3823221 aSharan, Rishikesh,eTranslator.11aDhammapada : bpart 1-7(Gatha aur kotha) / ctrns. by Rishikesh Sharan .  bV 1. aTaiwan:bThe corporate body of the Buddha Educational Foundation,c2010. a236p. aReligion aBuddhisim books aSacred books of buddhism